Online Catalogue and eLibrary

The chronology of the early Tamils : (Record no. 253)

MARC details
000 -LEADER
fixed length control field 00771cam a2200229 a 4500
001 - CONTROL NUMBER
control field 1439930
005 - DATE AND TIME OF LATEST TRANSACTION
control field 20240201013241.0
008 - FIXED-LENGTH DATA ELEMENTS--GENERAL INFORMATION
fixed length control field 841116r19841932ii b 001 0 eng
040 ## - CATALOGING SOURCE (பட்டியலாக்க மூலம்)
Original cataloging agency DLC
Transcribing agency DLC
Modifying agency DLC
082 00 - DDC Classification
Class No. 305.5
DDC Edition Number 19
Item Number - Author Mark SIV.
100 2# - MAIN ENTRY--PERSONAL NAME
Personal name Sivaraja Pillai, K. Narayanan,
245 14 - TITLE STATEMENT
Title The chronology of the early Tamils :
Remainder of title based on the synchronistic tables of their kings, chieftains, and poets appearing in the Sangam literature /
Statement of responsibility, etc. K.N. Sivaraja Pillai.
260 ## - PUBLICATION, DISTRIBUTION, ETC.
Place of publication, distribution, etc. New Delhi :
Name of publisher, distributor, etc. Asian Educational Services,
Date of publication, distribution, etc. 1984.
300 ## - PHYSICAL DESCRIPTION
Extent (e.g. Volumes, Pages etc.) xvi, 284 p. ;
500 ## - GENERAL NOTE
General note Includes passages in Tamil.
500 ## - GENERAL NOTE
General note Reprint. 1932.
500 ## - GENERAL NOTE
General note Includes index.
650 #0 - SUBJECT ADDED ENTRY--TOPICAL TERM
Topical term or geographic name entry element Tamil (Indic people)
650 #0 - SUBJECT ADDED ENTRY--TOPICAL TERM
Topical term or geographic name entry element Tamil literature
650 #0 - SUBJECT ADDED ENTRY--TOPICAL TERM
Topical term or geographic name entry element Sangam literature
942 ## - Koha item type (Biblio)
Koha item type Books in Stacks (Lending)
Holdings
Lost status Damaged status Collection code Home library Current library Date acquired Full call number Accession Number Item type
    Lending WERC Library WERC Library 02/01/2024 305.5 SIV. 1704 Books in Stacks (Lending)

© WERC Library